मूरगी (Record no. 962215)

MARC details
000 -LEADER
fixed length control field 00298nam a2200133Ia 4500
008 - FIXED-LENGTH DATA ELEMENTS--GENERAL INFORMATION
fixed length control field 151001s9999||||xx |||||||||||||| ||und||
100 ## - MAIN ENTRY--PERSONAL NAME
Personal name भाऊ पाध्ये
245 ## - TITLE STATEMENT
Title मूरगी
250 ## - EDITION STATEMENT
Edition statement 1
260 ## - PUBLICATION, DISTRIBUTION, ETC. (IMPRINT)
Name of publisher, distributor, etc डिंपल
260 ## - PUBLICATION, DISTRIBUTION, ETC. (IMPRINT)
Date of publication, distribution, etc 1981
300 ## - PHYSICAL DESCRIPTION
Extent 162
365 ## - TRADE PRICE
Price amount 17

No items available.